Of all possible worlds.

Saved in:
Bibliographic Details
Main Author: Tenn, William, 1920-
Format: Book
Language:English
Published: Lond. : Mayflower Books, 1963.
Series:Mayflower paperback
LEADER 00717nam a22002051 4500
001 c000357684
003 CARM
005 00000000000000.0
008 851113s1963 enk 1 eng d
019 1 |a 4115620  |5 LACONCORD2021 
035 |a (OCoLC)218232307  |5 LACONCORD2021 
100 1 |a Tenn, William,  |d 1920- 
245 1 0 |a Of all possible worlds. 
260 |a Lond. :  |b Mayflower Books,  |c 1963. 
490 0 |a Mayflower paperback 
500 |a First pub. by M.Joseph. 
852 8 |b CARM  |h A1:AM33G0  |i A05136  |p 0442217  |f BK 
082 0 4 |a 813.5 
999 f f |i 04ff025d-cbc7-58b8-850a-f790791c164f  |s 44e02501-f103-560c-9620-0ea4a930ccbf 
952 f f |p Can circulate  |a CAVAL  |b CAVAL  |c CAVAL  |d CARM 1 Store  |e A05136  |f A1:AM33G0  |h Other scheme  |i book  |m 0442217